Wizard101 Worlds - Statistics

General Stats
  • This quiz has been taken 232 times
  • The average score is 11 of 15
Answer Stats
Clue Answer % Correct
Ravenwood Wizard City
97%
Big Ben Marleybone
94%
Japan-Themed MooShu
93%
Crocodiles Krokotopia
91%
Bears Grizzleheim
87%
African-Themed Zafaria
83%
Mailstaire Dragonspyre
82%
Pigswick Wysteria
80%
Base Camp Celestia
79%
Caliburn Avalon
73%
Zocalo Azteca
73%
It's Cold Polaris
66%
Insects Khrysalis
57%
Shares a name with a Las Vegas hotel Mirage
53%
Mount Olympus Aquilla
32%
No matching quizzes found
Score Distribution
Percent of People with Each Score
Percentile by Number Answered
Your Score History
You have not taken this quiz